=LDR 00000nam 2200000 4500 =001 INLIS000000000052151 =005 20200304080842 =035 ##$$a 0010-0118000339 =007 ta =008 200304################g##########0#ind## =020 ##$$a 978-979-769-936-1 =082 ##$$a 297.63 =084 ##$$a 297.63 IRF e =100 #$$a Irfan Syauqi Beik =245 1#$$a Ekonomi pembangunan syariah /$c Irfan Syauqi Beik, Laily Dwi Arsyianti =260 ##$$a Jakarta :$b Raja Grafindo Persada,$c 2016 =300 ##$$a xviii, 266 hlm. : $b ilus. ; $c 21 cm =500 ##$$a Biografi : hlm. 265-266 =650 #4$$a Islam Dan Ekonomi =504 ##$$a bibliografi : hlm. 255-263 =250 ##$$a edisi revisi =700 #$$a Laily Dwi Arsyianti =990 ##$$a 21707040 =990 ##$$a 21707039 =990 ##$$a 21707038 =990 ##$$a 21707037 =990 ##$$a 21707036